[Event "3rd Asian Indoor Team Rapid Prelim"]
[Site "Ha Long City VIE"]
[Date "2009.11.05"]
[Round "5"]
[White "Rysbayeva,A"]
[Black "Pham Le Thao Nguyen"]
[Result "0-1"]
[WhiteElo "2199"]
[BlackElo "2295"]

1.e4 c5 2.Nf3 e6 3.d4 cxd4 4.Nxd4 a6 5.Bd3 Bc5 6.Nb3 Ba7 7.O-O Ne7 8.Nc3 Nbc6
9.Kh1 d6 10.f4 Qc7 11.a3 Bd7 12.Qe2 Nd4 13.Nxd4 Bxd4 14.Bd2 O-O 15.Rae1 f5
16.Nd1 Rae8 17.Bc3 Bxc3 18.Nxc3 Kh8 19.Qd2 Bc6 20.exf5 Nxf5 21.Be4 h6 22.Rd1 Bxe4
23.Nxe4 d5 24.Ng3 Nd6 25.Rde1 Nc4 26.Qd4 Qc6 27.h3 Rf7 28.a4 Ref8 29.b3 Nb6
30.Nh5 Nd7 31.c3 e5 32.Qe3 Qg6 33.g4 exf4 34.Rxf4 Rxf4 35.Nxf4 Qc2 36.b4 Nf6
37.Ne6 Re8 38.Re2 Qe4+ 39.Qxe4 Nxe4 40.Nc7  0-1

[Event "TCh-SLO East 1st League"]
[Site "Sentjur SLO"]
[Date "2009.11.06"]
[Round "6"]
[White "Madl,I"]
[Black "Zivkovic,Vj"]
[Result "1/2-1/2"]
[WhiteElo "2386"]
[BlackElo "2413"]

1.e4 c5 2.Nf3 e6 3.d4 cxd4 4.Nxd4 a6 5.Bd3 Bc5 6.Nb3 Be7 7.Qg4 Bf6 8.Qg3 Nc6
9.Nc3 Nge7 10.Bg5 Ng6 11.Bxf6 Qxf6 12.O-O O-O 13.Rfe1 Nf4 14.Ne2 e5 15.Qf3 Nxe2+
16.Bxe2 Qe7  1/2-1/2

[Event "TCh-FIN 2009-10"]
[Site "Finland FIN"]
[Date "2009.11.15"]
[Round "5"]
[White "Kokkila,T"]
[Black "Kauko,J"]
[Result "1/2-1/2"]
[WhiteElo "2342"]
[BlackElo "2282"]

1.e4 c5 2.Nf3 e6 3.d4 cxd4 4.Nxd4 a6 5.Bd3 Bc5 6.Nb3 Ba7 7.Nc3 Nc6 8.Qe2 d6
9.Be3 Bxe3 10.Qxe3 Nf6 11.g4 Nxg4 12.Qg3 Nf6 13.Qxg7 Rg8 14.Qh6 Ne5 15.O-O-O Rg6
16.Qd2 b5 17.f4 Nxd3+ 18.Qxd3 Bb7 19.f5 Rg4 20.fxe6 fxe6 21.Rhf1 Nxe4 22.Nxe4 Bxe4
23.Qxd6 Qxd6 24.Rxd6 Ke7 25.Rb6 Rc8 26.c3 Rg2 27.Nd4 Bd5 28.Re1 Rxh2 29.Nxe6 Rh1
30.Rxh1 Bxh1 31.Rxa6 Rc6 32.Rxc6 Bxc6 33.Nd4 Bd7 34.Kd2 Kd6 35.Ke3 Kd5 36.b3 h5
37.Nc2 h4 38.Nb4+ Ke5 39.Nd3+ Kd6 40.Kf4 Be6 41.Nf2 Kc5 42.Kg5 h3 43.Kh4 h2
44.Kg3 b4 45.Nd3+ Kb5 46.c4+ Bxc4 47.bxc4+ Kxc4 48.Nb2+ Kc3 49.Na4+ Kc2 50.Kxh2 Kb1
51.Kg3 Kxa2 52.Nc5 Kb2 53.Nd3+ Kc3 54.Nxb4  1/2-1/2

[Event "Open"]
[Site "Figueira da Foz POR"]
[Date "2009.11.29"]
[Round "1"]
[White "Aguiar,H"]
[Black "Costa,JoaoG"]
[Result "0-1"]
[WhiteElo "1710"]
[BlackElo "2222"]

1.e4 c5 2.Nf3 e6 3.d4 cxd4 4.Nxd4 a6 5.Bd3 Nf6 6.O-O d6 7.Nc3 Qc7 8.Be3 b5
9.a3 Bb7 10.f4 Be7 11.h3 O-O 12.Qe1 Nbd7 13.Nb3 Rad8 14.Qg3 d5 15.exd5 Nxd5
16.Bd4 Bf6 17.Bxf6 N7xf6 18.Ne2 Nb6 19.Qh4 Nc4 20.Bxc4 bxc4 21.Nbd4 Qb6 22.c3 Be4
23.Rac1 Qxb2 24.Qg5 Bd3 25.Rce1 Rd5 26.Qg3 Ne4 27.Qg4  0-1

[Event "Open"]
[Site "Figueira da Foz POR"]
[Date "2009.12.01"]
[Round "3"]
[White "Durao,J"]
[Black "Aguiar,H"]
[Result "1-0"]
[WhiteElo "2046"]
[BlackElo "1710"]

1.e4 c5 2.Nf3 e6 3.d4 cxd4 4.Nxd4 a6 5.Bd3 Qc7 6.Be3 Nf6 7.f4 d6 8.a4 Be7
9.Nc3 b6 10.Qf3 Bb7 11.O-O Nbd7 12.Rad1 O-O 13.Qh3 Nc5 14.Bf2 Nxd3 15.cxd3 Rac8
16.e5 dxe5 17.fxe5 Nd7 18.Nxe6 fxe6 19.Qxe6+ Rf7 20.Bd4 Rf8 21.Rxf7 Rxf7
22.Rf1 Nxe5 23.Bxe5 Bc5+ 24.d4 Qe7 25.Qxf7+ Qxf7 26.Rxf7 Bxd4+ 27.Bxd4 Kxf7
28.Bxb6 g6 29.Kf2 Ke6 30.Bd4 Kf5 31.b4 Ke6 32.g4 Bc8 33.h4 Kd6 34.Kg3 Bd7
35.Kf4 h6 36.Ne4+ Ke7 37.Nc5 Bc6 38.Ke5 Bf3 39.Nxa6 Bxg4 40.Be3  1-0

[Event "Czech Coal Match"]
[Site "Marianske Lazne CZE"]
[Date "2009.12.03"]
[Round "6"]
[White "Hort,V"]
[Black "Koneru,H"]
[Result "0-1"]
[WhiteElo "2494"]
[BlackElo "2603"]

1.e4 c5 2.Nf3 e6 3.d4 cxd4 4.Nxd4 a6 5.Bd3 Bc5 6.Nb3 Be7 7.Qg4 g6 8.O-O d6
9.Qe2 Nd7 10.f4 Qc7 11.N1d2 b6 12.Nf3 Bb7 13.c4 Ngf6 14.a4 O-O 15.Kh1 Rfe8
16.Bd2 Rab8 17.Bc3 Nh5 18.Qe3 e5 19.fxe5 dxe5 20.a5 bxa5 21.Bxa5 Qc8 22.Bc3 Ba8
23.Nbd2 Bc5 24.Qh6 Bf8 25.Qe3 Bc5 26.Qh6 f6 27.Bc2 Nf8 28.Rab1 Bb4 29.Qe3 Ne6
30.Bxb4 Rxb4 31.Qa3 Qb7 32.Ba4 Rb8 33.Bd1 Nhf4 34.g3 Nh3 35.Qe3 Rxb2 36.Rxb2 Qxb2
37.c5 Kg7 38.Be2 Qc2 39.Bc4 Nhg5 40.Nxg5 Nxg5 41.Bd5 Rd8 42.h4 Nxe4 43.Bxa8 Nxd2
44.Qf2 Qf5  0-1

[Event "2nd Dragon Capital"]
[Site "Ho Chi Minh City VIE"]
[Date "2009.12.04"]
[Round "4"]
[White "Tan Weiliang"]
[Black "Pham Le Thao Nguyen"]
[Result "0-1"]
[WhiteElo "2163"]
[BlackElo "2314"]

1.e4 c5 2.Nf3 e6 3.d4 cxd4 4.Nxd4 a6 5.Bd3 Bc5 6.Nb3 Be7 7.Qe2 d6 8.c4 Nf6
9.Nc3 Nbd7 10.f4 Qc7 11.O-O b6 12.Be3 Bb7 13.Kh1 O-O 14.Rfe1 Rfe8 15.Bg1 e5
16.f5 h6 17.Rac1 Nc5 18.Nd2 Qd8 19.b4 Nxd3 20.Qxd3 d5 21.Nxd5 Bxd5 22.cxd5 Bxb4
23.Rc6 b5 24.a3 Ba5 25.Re2 Nh5 26.g3 Bxd2 27.Rxd2 Re7 28.Bb6 Qe8 29.Rdc2 Rd7
30.Be3 Qd8 31.Kg2 Nf6 32.Kf3 Rxd5 33.Qe2 Rd3 34.Rd2 Rxd2 35.Qxd2 Qe7 36.Qc3 Qd7
37.Qc2 Ne8 38.Rc5 Qe7 39.Qc3 f6 40.Rd5 Kh7 41.Qc6 Rb8 42.Bc5 Qf7 43.Qxa6 Qh5+
44.Kg2 Qe2+ 45.Kh3 Qxe4 46.Rd2 Qxf5+ 47.Kg2 e4 48.Qa7 Rc8 49.Be3 Qf3+ 50.Kh3 Qf1+
51.Kh4 Rc7  0-1

[Event "ch-IND National A"]
[Site "Mumbai IND"]
[Date "2009.12.04"]
[Round "4"]
[White "Shyam,SM"]
[Black "Maheswaran,P"]
[Result "1/2-1/2"]
[WhiteElo "2401"]
[BlackElo "2342"]

1.e4 c5 2.Nf3 e6 3.d4 cxd4 4.Nxd4 a6 5.Bd3 Nf6 6.O-O Qc7 7.Qe2 d6 8.c4 g6
9.Nc3 Bg7 10.Nf3 Nc6 11.Bf4 e5 12.Be3 Bg4 13.Rac1 Nd4 14.Bxd4 exd4 15.Nd5 Nxd5
16.cxd5 Qb6 17.h3 Bxf3 18.Qxf3 O-O 19.Qe2 Rfc8 20.Rcd1 Qd8 21.f4 Qe7 22.Qf2 Rc7
23.Rde1 Re8 24.h4 h5 25.e5 dxe5 26.f5 Bh6 27.Qg3 Qd6 28.fxg6 fxg6 29.Bxg6 Rg7
30.Bf7+ Kh8 31.Qf3 e4 32.Rxe4 Rxe4 33.Qxe4 Be3+ 34.Kh1 Rg4 35.Qe8+ Kh7 36.Be6 Rxh4+
37.Bh3 Rf4 38.Qxh5+ Qh6 39.Qe2 Rxf1+ 40.Qxf1 Kg7 41.Qf5 Qh4 42.Qd7+ Kh6 43.Qe6+ Kg7
44.Qd7+ Kh6  1/2-1/2

[Event "Open"]
[Site "Figueira da Foz POR"]
[Date "2009.12.05"]
[Round "8"]
[White "Spraggett,K"]
[Black "Rotstein,A"]
[Result "1/2-1/2"]
[WhiteElo "2606"]
[BlackElo "2534"]

1.e4 c5 2.Nf3 e6 3.d4 cxd4 4.Nxd4 a6 5.Bd3 Nf6 6.O-O d6 7.c4 Nbd7 8.Nc3 Ne5
9.Be2 Be7 10.Be3 O-O 11.Rc1 Ng6 12.Kh1 Re8 13.a3 Bf8 14.b4 b6 15.Nb3 Bb7
16.Qd4 Nd7 17.Rfd1 Rb8 18.Bf1 Ba8 19.f3 Qc7 20.Qd2 Nge5 21.Na4 Rec8 22.Nb2 Qd8
23.Bg5 Qe8 24.Nd4 Rc7 25.Rc2 Rbc8 26.Rdc1 h6 27.Bf4 Qd8 28.Be2 Bb7 29.Be3 Be7
30.Nb3 Rb8 31.Bf1 Rcc8 32.Rd1 Ba8 33.Nd4 Nf6 34.Rcc1 Qe8 35.Nb3 Rc7 36.Re1 Qd8
37.Qf2 Nfd7 38.Red1 Qc8 39.Nd4 Qe8 40.Rb1 Nf6 41.Nb3 Nfd7 42.Rbc1 Rcc8 43.Rc2 Rc7
44.Rdc1 Rcc8 45.Be2 Qd8 46.Qf1 Nf6 47.Qe1 Qe8 48.Bd4 Nc6 49.Bc3 Nd7 50.a4 a5
51.bxa5 bxa5 52.Nxa5 Nxa5 53.Bxa5 Nc5 54.Bc3 Nxa4 55.Nxa4 Qxa4 56.Bd3 Qc6
57.Ra1 e5 58.Rca2 Bb7 59.Bf1 Ra8 60.Bd2 Bg5 61.Rxa8 Rxa8 62.Rxa8+ Bxa8 63.Bxg5 hxg5
64.Qg3 f6 65.h4 gxh4 66.Qxh4 Bb7 67.Qf2 Bc8 68.Qb2 Be6 69.Qb5 Bd7 70.Qa5 Kf7
71.Qa7 Ke7 72.Bd3 Qa4 73.Qe3 Qa3 74.Kh2 Be6 75.Qe2 Qc3 76.Qe3 Qd4 77.Qe2 Kd8
78.Qc2 Kc7 79.Qb3 Qb6 80.Qa3 Qc5 81.Qa8 Bc8 82.Bf1 g6 83.Qa2 Be6 84.Qa8 Qf2
85.Qa5+ Kd7 86.Bd3 Qd4 87.Bf1 f5 88.exf5 gxf5 89.Qb5+ Ke7 90.Qb7+ Bd7 91.Qb1 e4
92.fxe4 fxe4 93.Be2 e3 94.Qh7+ Kd8 95.Qg8+ Kc7 96.Qg5 Qd2 97.Bf3 Qc3 98.Be2 Qd2
99.Bf3 Qc3  1/2-1/2

[Event "ch-IND National A"]
[Site "Mumbai IND"]
[Date "2009.12.06"]
[Round "6"]
[White "Shyam,SM"]
[Black "Prathamesh,S"]
[Result "0-1"]
[WhiteElo "2401"]
[BlackElo "2382"]

1.e4 c5 2.Nf3 e6 3.d4 cxd4 4.Nxd4 a6 5.Bd3 Bc5 6.Nb3 Ba7 7.Qe2 Nc6 8.Be3 d6
9.O-O e5 10.c4 Nge7 11.Nc3 O-O 12.Rfd1 Be6 13.Bxa7 Rxa7 14.Qe3 Qb8 15.Nd5 b5
16.Rac1 Rd7 17.Rd2 Rfd8 18.g3 b4 19.f4 f6 20.f5 Bf7 21.g4 Qa7 22.Kf2 a5 23.Rg1 a4
24.Nc1 Qxe3+ 25.Kxe3 Nd4 26.Nxb4 Rb8 27.a3 Rdb7 28.Nca2 Nec6 29.g5 fxg5 30.Rxg5 Na5
31.Nc3 Bxc4 32.Rf2 Bb3 33.h4 Kh8 34.h5 Rf7 35.Rg1 Nb7 36.Ne2 Nxe2 37.Rxe2 Nc5
38.Rd2 Rb6 39.Rc1 Rf6 40.Bc4 Rb8 41.Nc6 Rbf8 42.Rd5 Bxc4 43.Rxc4 Nd7 44.Rb5 Rh6
45.Rxa4 Rxh5 46.Rc4 Rh3+ 47.Kd2 g6 48.Ne7 Nc5 49.Kc2 g5 50.b4 Nb3 51.Rd5 Nd4+
52.Rdxd4 exd4 53.b5 g4 54.b6 Rc3+ 55.Rxc3 dxc3 56.f6 g3 57.b7 g2 58.Nc8 g1=Q
59.b8=Q Qf2+ 60.Kxc3 Qc5+ 61.Kd3 Rxc8 62.Qb2 Qe5 63.Qb7 Rc3+ 64.Ke2 Qh2+  0-1

[Event "FSIM December"]
[Site "Budapest HUN"]
[Date "2009.12.09"]
[Round "5"]
[White "Denisov,I"]
[Black "Toth,E"]
[Result "0-1"]
[WhiteElo "2241"]
[BlackElo "2388"]

1.e4 c5 2.Nf3 e6 3.d4 cxd4 4.Nxd4 a6 5.Bd3 Nf6 6.O-O Qc7 7.Qe2 d6 8.Kh1 Nbd7
9.f4 b5 10.c4 b4 11.b3 Bb7 12.Bb2 h5 13.Nd2 h4 14.f5 e5 15.Nc2 Nh5 16.Qe3 Qd8
17.Kg1 Be7 18.Nf3 Kf8 19.Nxb4 d5 20.Nxe5 Nxe5 21.Bxe5 dxe4 22.Bxe4 Bxe4 23.Rad1 Qe8
24.Nd5 Bxd5 25.cxd5 Rd8 26.Rfe1 Bb4 27.Re2 Kg8 28.Qb6 a5 29.Re4 Rh6 30.Qe3 Qf8
31.Rc4 Nf6 32.Qf3 Qe7 33.Bf4 Rh5 34.Be3 Qe5 35.Bf4 Qxf5 36.d6 Qe6 37.d7 Rxd7
38.Rf1 Qd5 39.Qe2 Bc5+ 40.Be3 Re5  0-1

[Event "Commonwealth Open"]
[Site "Singapore SIN"]
[Date "2009.12.10"]
[Round "1"]
[White "Ashwin,J"]
[Black "Neubronner,J"]
[Result "1/2-1/2"]
[WhiteElo "2448"]
[BlackElo "2215"]

1.e4 c5 2.Nf3 e6 3.d4 cxd4 4.Nxd4 a6 5.Bd3 Nf6 6.O-O Qc7 7.Qe2 d6 8.c4 Be7
9.b3 Nbd7 10.Bb2 b6 11.Nc3 Bb7 12.f4 O-O 13.Kh1 Rfe8 14.Rae1 Rad8 15.Bb1 Bf8
16.Nf3 g6 17.e5 Nh5 18.Ng5 Bg7 19.exd6 Qxd6 20.Nce4 Qc7 21.Bxg7 Nxg7 22.Rd1 Nc5
23.Nd6 Rxd6 24.Qe5 f6 25.Qxd6 Qxd6 26.Rxd6 fxg5 27.fxg5 e5 28.b4  1/2-1/2

[Event "Open"]
[Site "Pilsen CZE"]
[Date "2009.12.11"]
[Round "8"]
[White "Gunajew,R"]
[Black "Plischki,S"]
[Result "1/2-1/2"]
[WhiteElo "2225"]
[BlackElo "2347"]

1.e4 c5 2.Nf3 e6 3.d4 cxd4 4.Nxd4 a6 5.Bd3 Nf6 6.O-O d6 7.Nc3 Nbd7 8.Kh1 b5
9.a3 Bb7 10.Bg5 Be7 11.f4 O-O 12.Qe2 Nc5 13.Rad1  1/2-1/2

[Event "Tch-SLO League"]
[Site "Rogaska Slatina SLO"]
[Date "2009.12.11"]
[Round "1"]
[White "Roskar,R"]
[Black "Justin,M"]
[Result "1-0"]
[WhiteElo "2257"]
[BlackElo "2354"]

1.e4 c5 2.Nf3 e6 3.d4 cxd4 4.Nxd4 a6 5.Bd3 g6 6.O-O Bg7 7.c3 d6 8.a4 b6 9.Re1 Nf6
10.Nd2 O-O 11.Nc4 Qc7 12.Nxd6 Qxd6 13.e5 Qe7 14.exf6 Qxf6 15.Be4 Ra7 16.Nf3 Qe7
17.Be3 f5 18.Bd3 Rd7 19.Qe2 Bb7 20.Bc4 Rd6 21.Bf4 Rc6 22.Bxe6+ Kh8 23.Bd5 Qc5
24.Rad1 h6 25.Ne5 Kh7 26.Nxc6 Nxc6 27.Qe6 Nd8 28.Qd6 Bxd5  1-0

[Event "Open Ch-Skopje"]
[Site "Skopje MKD"]
[Date "2009.12.12"]
[Round "1"]
[White "Ilic,Ljubo"]
[Black "Tairi,K"]
[Result "1-0"]
[WhiteElo "2257"]
[BlackElo "1619"]

1.e4 c5 2.Nf3 e6 3.d4 cxd4 4.Nxd4 a6 5.Bd3 Qc7 6.O-O Nf6 7.Nc3 Be7 8.Kh1 Nc6
9.Nxc6 bxc6 10.f4 Bb7 11.e5 Nd5 12.Ne4 d6 13.exd6 Bxd6 14.Nxd6+ Qxd6 15.Qg4 g6
16.Qh4 Qe7 17.Qf2 Qc7 18.b3 O-O 19.Bb2 Qe7 20.Rae1 Qd8 21.Qd4 f6 22.Rxe6 Qd7
23.f5 g5 24.c4 c5 25.Qxc5 Nf4 26.Rd6 Bxg2+ 27.Kg1 Qb7 28.Rxf4 gxf4 29.Qd4 Bh3
30.Be4 Qg7+ 31.Kf2 Ra7 32.Bd5+ Kh8 33.Rxf6 Rxf6 34.Qxf6 Qxf6 35.Bxf6+ Rg7
36.Be6 h5 37.c5 Kh7 38.Bxg7 Kxg7 39.c6 Kf8 40.c7 Ke7 41.c8=Q  1-0

[Event "16th Open A"]
[Site "Zadar CRO"]
[Date "2009.12.13"]
[Round "1"]
[White "Sedlak,N"]
[Black "Zivkovic,Vj"]
[Result "1-0"]
[WhiteElo "2576"]
[BlackElo "2397"]

1.e4 c5 2.Nf3 e6 3.d4 cxd4 4.Nxd4 a6 5.Bd3 Bc5 6.Nb3 Be7 7.O-O Nc6 8.f4 d5
9.e5 h5 10.c3 g6 11.N1d2 Nh6 12.Nf3 Nf5 13.Bxf5 exf5 14.Be3 b6 15.Qe1 Be6
16.Rd1 Qc7 17.Bf2 a5 18.Bh4 a4 19.Nbd4 Nxd4 20.Nxd4 a3 21.b3 Rc8 22.Bf6 Rg8
23.Rf3 Bc5 24.Kh1 Kf8 25.c4 dxc4 26.Nxe6+ fxe6 27.bxc4 Qc6 28.Rfd3 Rc7 29.Qh4 Kf7
30.Bd8 Rxd8 31.Qf6+  1-0

[Event "ch-VIE Men Masters"]
[Site "Ho Chi Minh City VIE"]
[Date "2009.12.15"]
[Round "8"]
[White "Nguyen Thanh Nghia"]
[Black "Tran Thanh Tu"]
[Result "1/2-1/2"]
[WhiteElo "2201"]
[BlackElo "2258"]

1.e4 c5 2.Nf3 e6 3.d4 cxd4 4.Nxd4 a6 5.Bd3 Bc5 6.Nb3 Be7 7.O-O Qc7 8.Be3 Nf6
9.f4 d6 10.Qe2 Nbd7 11.N1d2 O-O 12.Kh1 e5 13.f5 d5 14.exd5 Nxd5 15.c4 Nxe3
16.Qxe3 Nf6 17.Ne4 Bd7 18.Nbd2 Bc6 19.Nxf6+ Bxf6 20.Ne4 Bxe4 21.Bxe4 Qxc4
22.Bxb7 Rab8 23.b3 Qb5 24.Be4 Rfd8 25.Rfd1 Rd4 26.Rxd4 exd4 27.Qf3 Qa5 28.Bd3 h6
29.Qe2 Rb7 30.Qe1 Qa3 31.Qc1 Qb4 32.Bxa6 Re7 33.Bd3 Re3 34.Qf1 Qd2 35.Bc4 Qb2
36.Rb1 Qc3 37.Rc1 Qa5 38.a4 Qe5 39.Rd1 Be7 40.Qf2 Bd6 41.g3 Bc5 42.Qg2 d3
43.Qa8+ Bf8 44.Qd5 Qxd5+ 45.Bxd5 Bb4 46.Kg2 Re1 47.Bf3 Kf8  1/2-1/2

[Event "London Classic FIDE Open"]
[Site "London ENG"]
[Date "2009.12.15"]
[Round "9"]
[White "Coleman,D"]
[Black "Warman,S"]
[Result "1-0"]
[WhiteElo "2244"]
[BlackElo "2153"]

1.e4 c5 2.Nf3 e6 3.d4 cxd4 4.Nxd4 a6 5.Bd3 Nf6 6.O-O Qc7 7.Qe2 Nc6 8.Nxc6 bxc6
9.e5 Nd5 10.a3 d6 11.c4 Nb6 12.c5 dxc5 13.Nd2 Be7 14.f4 O-O 15.Ne4 Nd5 16.Rf3 f5
17.exf6 Bxf6 18.Kh1 Be7 19.Ng5 Bxg5 20.fxg5 Rxf3 21.Qxf3 Bd7 22.Bd2 e5 23.Rf1 Be6
24.Qh5 g6 25.Bxg6 Nf4 26.Bxf4 exf4 27.Bc2 Bc4 28.Re1 Rf8 29.g6 hxg6 30.Qxg6+ Qg7
31.Qxc6 Qxb2 32.Qe4  1-0

[Event "16th Open A"]
[Site "Zadar CRO"]
[Date "2009.12.16"]
[Round "5"]
[White "Schachinger,M"]
[Black "Saric,A"]
[Result "1/2-1/2"]
[WhiteElo "2339"]
[BlackElo "2471"]

1.e4 c5 2.Nf3 e6 3.d4 cxd4 4.Nxd4 a6 5.Bd3 Bc5 6.Nb3 Be7 7.O-O d6 8.Qe2 Nd7
9.c4 Ngf6 10.Nc3 O-O 11.Be3 b6 12.Rfd1 Qc7 13.Rac1 Bb7 14.f3 Rac8 15.Nd2 Qb8
16.b3 Bd8 17.Nf1 Bc7 18.Bb1 Rfe8 19.Qf2 Qa8 20.Qh4 Ne5 21.Qf2 Ned7 22.Qh4 Bc6
23.Bf4 Ne5 24.Bg5 Ng6 25.Qf2 b5 26.cxb5 axb5 27.Bd3 Qb7 28.a4 bxa4  1/2-1/2

[Event "16th Open A"]
[Site "Zadar CRO"]
[Date "2009.12.18"]
[Round "8"]
[White "Zivkovic,Vj"]
[Black "Brulic,D"]
[Result "1/2-1/2"]
[WhiteElo "2397"]
[BlackElo "2323"]

1.e4 c5 2.Nf3 e6 3.d4 cxd4 4.Nxd4 a6 5.Bd3 Bc5 6.Nb3 Be7 7.O-O d6 8.c4 Nf6
9.Nc3 O-O 10.f4 Nbd7 11.Qe2 Qc7 12.Bd2 b6 13.Kh1 Bb7 14.Rae1 g6 15.Nd4 Rfe8
16.b4 Bf8 17.a3 Bg7 18.Nf3 Rad8 19.Qf2 Qb8 20.Qh4  1/2-1/2

[Event "IX Gema Open"]
[Site "Mondariz ESP"]
[Date "2009.12.26"]
[Round "1"]
[White "Fernandez Andrade,A"]
[Black "Strikovic,A"]
[Result "0-1"]
[WhiteElo "1830"]
[BlackElo "2519"]

1.e4 c5 2.Nf3 e6 3.d4 cxd4 4.Nxd4 a6 5.Bd3 Nf6 6.O-O d6 7.Nc3 g6 8.Bg5 Bg7
9.Qe1 h6 10.Bd2 O-O 11.Nce2 e5 12.Nb3 d5 13.Ng3 Nc6 14.Qc1 Kh7 15.a4 b6 16.a5 b5
17.Nc5 dxe4 18.Ncxe4 Nd5 19.c4 Nf4 20.Bb1 Nd4 21.Qd1 bxc4 22.Bb4 Rb8 23.Bxf8 Qxf8
24.Nc3 Rxb2 25.Ra2 Rb3 26.Nce2 Nfxe2+ 27.Nxe2 Qb4 28.Bc2 Rb2 29.Rxb2 Qxb2
30.Nxd4 exd4 31.Qb1 Qxb1 32.Rxb1 d3 33.Bd1 c3 34.Rc1 h5 35.Kf1 Bf5 36.f3 c2  0-1

[Event "Christamas Open Masters"]
[Site "Zurich SUI"]
[Date "2009.12.26"]
[Round "1"]
[White "Vonlanthen,M"]
[Black "Friedrich,N"]
[Result "0-1"]
[WhiteElo "2068"]
[BlackElo "2282"]

1.e4 c5 2.Nf3 e6 3.d4 cxd4 4.Nxd4 a6 5.Bd3 Nf6 6.O-O d6 7.c4 b6 8.Nc3 Bb7
9.f4 g6 10.g4 Bg7 11.Be3 h5 12.Nxe6 fxe6 13.e5 Nxg4 14.Bxg6+ Ke7 15.exd6+ Qxd6
16.Qxd6+ Kxd6 17.Bxb6 Nd7 18.Rad1+ Ke7 19.Ba5 Ne3 20.Bb4+ Kd8 21.Ba5+ Kc8
22.f5 Nxd1 23.Rxd1 Ne5 24.Na4 Bf3 25.fxe6 Bxd1 26.Nb6+ Kb8 27.Nd7+ Nxd7 28.exd7 Bf6  0-1

[Event "11th Christmas Open"]
[Site "Litomysl CZE"]
[Date "2009.12.28"]
[Round "4"]
[White "Bulski,K"]
[Black "Skliba,M"]
[Result "1/2-1/2"]
[WhiteElo "2416"]
[BlackElo "2281"]

1.e4 c5 2.Nf3 e6 3.d4 cxd4 4.Nxd4 a6 5.Bd3 Bc5 6.Nb3 Be7 7.Be3 Nc6 8.N1d2 Nf6
9.f4 d5 10.e5 d4 11.Nxd4 Nxd4 12.exf6 Bxf6 13.Ne4 Nf5 14.Bc5 Be7 15.Bxe7 Qxe7
16.Qe2 O-O 17.O-O-O Bd7 18.g4 Nh4 19.g5 Ng6 20.Qg4 Bb5 21.h4 Bxd3 22.Rxd3 Qc7
23.Rf1 Rfd8 24.Rc3 Qa5 25.f5 exf5 26.Qxf5 Qxf5 27.Rxf5 Nxh4 28.Rfc5 Ng6 29.Rc7 Nf4
30.Rf3 Ne2+  1/2-1/2

[Event "Pan-American Intercollegiate"]
[Site "South Padre Island USA"]
[Date "2009.12.30"]
[Round "6"]
[White "Kritz,L"]
[Black "Ortiz,Na"]
[Result "1-0"]
[WhiteElo "2607"]
[BlackElo "2211"]

1.e4 c5 2.Nf3 e6 3.d4 cxd4 4.Nxd4 a6 5.Bd3 Bc5 6.Nb3 Be7 7.Qg4 g6 8.Qe2 d6
9.Na3 Nc6 10.O-O h5 11.Bd2 Nf6 12.Nc4 e5 13.Be3 Be6 14.Nb6 Rb8 15.f3 d5 16.exd5 Nxd5
17.Nxd5 Bxd5 18.Rad1 Qc7 19.Qf2 Nb4 20.Bb6 Qc8 21.Qe3 Nxd3 22.Rxd3 Qe6 23.Bc7 Rc8
24.Qxe5 O-O 25.Rxd5  1-0

[Event "15th Open"]
[Site "Bosnjaci CRO"]
[Date "2010.01.04"]
[Round "3"]
[White "Jelecevic,I"]
[Black "Zivkovic,Vj"]
[Result "1/2-1/2"]
[WhiteElo "2180"]
[BlackElo "2396"]

1.e4 c5 2.Nf3 e6 3.d4 cxd4 4.Nxd4 a6 5.Bd3 Bc5 6.Nb3 Be7 7.O-O d6 8.f4 Nd7
9.a4 b6 10.Nc3 Ngf6 11.Qe1 Qc7 12.Qg3 g6  1/2-1/2

[Event "ch-AUS"]
[Site "Sydney AUS"]
[Date "2010.01.06"]
[Round "4"]
[White "Lane,G"]
[Black "Nakauchi,G"]
[Result "1-0"]
[WhiteElo "2377"]
[BlackElo "2081"]

1.e4 c5 2.Nf3 e6 3.d4 cxd4 4.Nxd4 a6 5.Bd3 Bc5 6.Nb3 Ba7 7.Qe2 Nc6 8.Nc3 d6
9.Be3 Nf6 10.f4 O-O 11.Bxa7 Rxa7 12.O-O-O e5 13.f5 b5 14.g4 b4 15.Nd5 a5
16.g5 Nxd5 17.exd5 Qxg5+ 18.Kb1 a4 19.Rhg1 Qh6 20.dxc6 axb3 21.cxb3 Qf6 22.Qf2 Re7
23.Be4 Kh8 24.Rg2 g6 25.fxg6 fxg6 26.Qd2 Qf4 27.Qxb4 Bf5 28.Re1 d5 29.Qxe7 Bxe4+
30.Rc2 Bxc2+ 31.Kxc2 e4 32.Kb1 Qf5 33.c7 e3+ 34.Ka1 d4 35.Rc1 Kg8 36.b4 Qf7
37.Qd8 Qe6 38.c8=Q Qxc8 39.Rxc8 Rxd8 40.Rxd8+ Kf7 41.Rxd4 e2 42.Re4  1-0

[Event "15th Open"]
[Site "Bosnjaci CRO"]
[Date "2010.01.08"]
[Round "8"]
[White "Sulc,Da"]
[Black "Ivanov,StojanE"]
[Result "1-0"]
[WhiteElo "2270"]
[BlackElo "2198"]

1.e4 c5 2.Nf3 e6 3.d4 cxd4 4.Nxd4 a6 5.Bd3 d6 6.O-O Nf6 7.a4 b6 8.Nc3 Be7
9.f4 Bb7 10.Qe2 O-O 11.Be3 Nbd7 12.Rad1 Qc7 13.g4 Nc5 14.Bc1 d5 15.e5 Nfe4
16.Bxe4 Nxe4 17.Rf3 Bc5 18.Rh3 b5 19.axb5 axb5 20.Nxe4 dxe4 21.Be3 b4 22.g5 g6
23.Qf2 Rfd8 24.Qh4 h5 25.gxh6 Kh7 26.Qf6 Bf8 27.Rg3 Qe7 28.Qxe7 Bxe7 29.Kf2 Bh4
30.Ke2 Bxg3 31.hxg3 Kxh6 32.f5+ Kg7 33.fxe6 Ba6+ 34.Kf2 Rh8 35.Bg5 Rh2+ 36.Kg1 Rh5
37.Bf6+ Kh7 38.exf7 e3 39.Nf3 Be2 40.f8=Q Rh1+ 41.Kg2 Bxf3+ 42.Kxf3 Rxf8
43.Rxh1+ Kg8 44.Rh8+ Kf7 45.e6+ Ke8  1-0

[Event "Noteboom Mem"]
[Site "Leiden NED"]
[Date "2010.01.12"]
[Round "1"]
[White "Pruijssers,R"]
[Black "Erwich,Frans"]
[Result "1-0"]
[WhiteElo "2428"]
[BlackElo "2058"]

1.e4 c5 2.Nf3 e6 3.d4 cxd4 4.Nxd4 a6 5.Bd3 Nf6 6.O-O Qc7 7.c4 b6 8.Nc3 Bb7
9.Be3 d6 10.f4 Nbd7 11.b4 d5 12.exd5 Bxb4 13.Ne4 O-O 14.Rb1 Bc5 15.d6 Bxd4
16.dxc7 Bxe3+ 17.Nf2 Nc5 18.Bc2 Nce4 19.Qe1 Ng4 20.Bxe4 Bxe4 21.Rb3 Bxf2+
22.Rxf2 Nxf2 23.Kxf2  1-0

[Event "TCh-AUT 2009-10"]
[Site "Graz AUT"]
[Date "2010.01.14"]
[Round "4"]
[White "Hartl,D"]
[Black "Hulak,K"]
[Result "0-1"]
[WhiteElo "2253"]
[BlackElo "2509"]

1.e4 c5 2.Nf3 e6 3.d4 cxd4 4.Nxd4 a6 5.Bd3 Bc5 6.Nb3 Ba7 7.Qg4 Nf6 8.Qg3 d6
9.e5 dxe5 10.Nc3 Nbd7 11.Bg5 h6 12.Qh3 Rg8 13.Bd2 Qc7 14.O-O Nc5 15.Nxc5 Bxc5
16.Rfe1 Bd7 17.Be3 Bd6 18.a4 Bc6 19.a5 Qe7 20.Na4 e4 21.Bc4 Rd8 22.c3 Nd7
23.Bb3 Ne5 24.Nb6 Nd3 25.Re2 Qf6 26.Ba4 Bxa4 27.Nxa4 g5 28.Rf1 Qg6 29.f3 Ne5
30.fxe4 g4 31.Qxh6 Nf3+ 32.Kf2 g3+  0-1

[Event "2nd Kirov Memorial Open"]
[Site "Blagoevgrad BUL"]
[Date "2010.01.15"]
[Round "7"]
[White "Radulski,J"]
[Black "Velikov,P"]
[Result "1-0"]
[WhiteElo "2577"]
[BlackElo "2433"]

1.e4 c5 2.Nf3 e6 3.d4 cxd4 4.Nxd4 a6 5.Bd3 Bc5 6.Be3 d6 7.Nc3 Nf6 8.Qf3 Nbd7
9.O-O-O Ne5 10.Qg3 Neg4 11.Kb1 Nxe3 12.fxe3 Qe7 13.Rhf1 O-O 14.Rf2 Bb4 15.Nce2 e5
16.Nf5 Bxf5 17.Rxf5 Rac8 18.Rdf1 Nd7 19.Qh3 g6 20.R5f2 Ba5 21.Qh6 Bd8 22.Qh3 Ba5
23.c3 Qe6 24.Qh6 Bd8 25.Bc2 Nb6 26.Ng1 Nc4 27.Nf3 Qe7 28.Bb3 b5 29.g4 Bb6
30.Bxc4 Rxc4 31.Nd2 Rcc8 32.Rf6 Qd7 33.Rg1 Qe7 34.g5 Kh8 35.Rgf1 Rc7 36.Re6 Qd8
37.Rxg6 Rg8 38.Rxd6 Rd7 39.Rxf7 Rxf7 40.Rxd8 Bxd8 41.Qe6 Re7 42.Qd6 Ree8
43.h4 Rg6 44.Qd7 Rge6 45.a4 Bb6 46.axb5 R6e7 47.Qc6 Re6 48.Qd5 Bxe3 49.Nc4 Bf4
50.Nd6  1-0

[Event "Porzellancup"]
[Site "Dresden GER"]
[Date "2010.01.17"]
[Round "7"]
[White "Paehtz,T sr"]
[Black "Roos,M GER"]
[Result "1-0"]
[WhiteElo "2440"]
[BlackElo "2364"]

1.e4 c5 2.Nf3 e6 3.d4 cxd4 4.Nxd4 a6 5.Bd3 Bc5 6.Nb3 Be7 7.Qe2 d6 8.Qg4 g6
9.Na3 Nd7 10.Nc4 b5 11.Nca5 Qc7 12.a4 bxa4 13.Rxa4 Ne5 14.Qe2 Nf6 15.O-O Nfg4
16.f4 Bd7 17.Ra1 Nxd3 18.cxd3 Qb6+ 19.Kh1 Bb5 20.Nd2 Kd7 21.Nac4 Qa7 22.Na3 Bc6
23.Nf3 Rab8 24.Ng5 Ke8 25.Nc4 h6 26.Nxe6 Bb5 27.f5 fxe6 28.fxe6 Bxc4 29.dxc4 Rb3
30.e5 Qe3 31.Qc2 Qf2 32.Qd3 d5  1-0

[Event "8th Parsvnath Open"]
[Site "New Delhi IND"]
[Date "2010.01.18"]
[Round "7"]
[White "Prince,Ba"]
[Black "Maheswaran,P"]
[Result "1/2-1/2"]
[WhiteElo "2155"]
[BlackElo "2355"]

1.e4 c5 2.Nf3 e6 3.d4 cxd4 4.Nxd4 a6 5.Bd3 Nf6 6.O-O Qc7 7.Nc3 Bc5 8.Nb3 Be7
9.Qe2 d6 10.f4 Nbd7 11.Bd2 b5 12.Rae1 Bb7 13.e5 Nd5 14.Be4 Nxc3 15.Bxc3 Bxe4
16.Qxe4 d5 17.Qd3 Rc8 18.f5 b4 19.fxe6 fxe6 20.Bd4 Qxc2 21.Qxa6 Qc6 22.Qe2 Qc2
23.Qa6 Qc6 24.Qe2  1/2-1/2

[Event "III Carlos Gamarra Mem"]
[Site "Asuncion URU"]
[Date "2010.01.24"]
[Round "7"]
[White "Oddone,C"]
[Black "Diaz Hollemaert,N"]
[Result "1/2-1/2"]
[WhiteElo "2242"]
[BlackElo "2456"]

1.e4 c5 2.Nf3 e6 3.d4 cxd4 4.Nxd4 a6 5.Bd3 Qc7 6.O-O Bd6 7.Kh1 Nc6 8.Nxc6 Qxc6
9.f4 Bb8 10.Qg4 Kf8 11.b3 Nf6 12.Qh4 Ne8 13.Nd2 Bd6 14.Bb2 Be7 15.Qg3 d6
16.e5 h5 17.c4 h4 18.Qh3 f5 19.Nf3 Rh6 20.Nd4 Qc7 21.Rae1 dxe5 22.fxe5 Kg8
23.Bc1 g5 24.b4 Qd8  1/2-1/2